| 000 | 00381nam a2200157Ia 4500 | ||
|---|---|---|---|
| 008 | 210210b1994 xxu||||| |||| 00| 0 eng d | ||
| 082 | _a657.45 SHAA | ||
| 100 | _aSHARMA (T R). | ||
| 245 | _aAuditing: principles and problems. Ed 9. | ||
| 250 | _a | ||
| 260 |
_aAgra. _bSahitya Bhavan _c1994 |
||
| 300 | _avi,480 | ||
| 650 | _aAuditing | ||
| 690 | _aAuditing | ||
| 906 | _a048451 | ||
| 999 |
_c97016 _d97016 |
||